| 000 | 00680nam a2200241Ia 4500 | ||
|---|---|---|---|
| 008 | 220216s9999 xx 000 0 und d | ||
| 100 | _aDevakumar A.S. | ||
| 245 | 0 | _aStudies on soil-plant-atmosphere system in Hevea: II. Seasonal effects on water relations and yield | |
| 260 |
_bIndian Journal of Natural Rubber Research _c1988 |
||
| 300 | _a45-60 | ||
| 650 | _aDrought tolerance | ||
| 650 | _aPlugging index | ||
| 650 | _aWater relation | ||
| 650 | _aYield | ||
| 650 | _aYield component | ||
| 700 | _aGeorge M.J. | ||
| 700 | _aRajagopal R. | ||
| 700 | _aRao G.G. | ||
| 700 | _aRao P.S. | ||
| 700 | _aSethuraj M.R. | ||
| 700 | _aVijayakumar K.R. | ||
| 942 | _cBS | ||
| 999 |
_c48393 _d48393 |
||